| 000 | 01153cam a2200301 a 4500 | ||
|---|---|---|---|
| 999 |
_c27912 _d27912 |
||
| 001 | 11769124 | ||
| 005 | 20170211115024.0 | ||
| 008 | 990812s2001 cauab b 001 0 eng | ||
| 010 | _a 99042986 | ||
| 020 | _a0534376134 (text : acidfree paper) | ||
| 020 | _a0534376142 (international : acidfree paper) | ||
| 035 | _a(DLC) 99042986 | ||
| 050 | 0 | 0 | _aGE105 .M544 2001 |
| 100 | 1 |
_aMiller, G. Tyler _q(George Tyler), _d1931- |
|
| 245 | 1 | 0 |
_aEnvironmental science : _bworking with the Earth / _cG. Tyler Miller, Jr. |
| 250 | _a8th ed. | ||
| 260 |
_aPacific Grove, Calif. : _bBrooks/Cole Pub. Co., _c2001. |
||
| 300 |
_a1 v. (various pagings) : _bcol. ill., col. maps ; _c29 cm. |
||
| 504 | _aIncludes bibliographical references and index. | ||
| 650 | 0 | _aEnvironmental sciences. | |
| 650 | 0 | _aHuman ecology. | |
| 650 | 0 | _aEnvironmental protection. | |
| 942 |
_2lcc _cBOOKS |
||